000 00592nam a2200217Ia 4500
003 OSt
005 20230505112504.0
008 210423s1992 xx 000 0 und d
020 _a41789641
040 _cAL
041 _aeng
082 _a574.192
_223
_bLEAP
100 _aLEA (Peter J);LEEGOOD (Richard) Eds
_998629
245 _aPlant biochemistry and molecular biology
260 _aChichester
_bJohn Wiley & Sons
_c1992
300 _axiv,364
_bBound
365 _cINR
650 _aBiochemistry
_998630
906 _abiochemistry ; biology ; molecular ; Plant
942 _2ddc
_cBK
999 _c171143
_d171143